De usía a manía : (Record no. 43579)
[ view plain ]
| 000 -CABECERA | |
|---|---|
| campo de control de longitud fija | 00759nam a2200193 a 4500 |
| 001 - NÚMERO DE CONTROL | |
| campo de control | 000044090 |
| 005 - FECHA Y HORA DE LA ÚLTIMA TRANSACCIÓN | |
| campo de control | 20201002045135.0 |
| 008 - DATOS DE LONGITUD FIJA--INFORMACIÓN GENERAL | |
| campo de control de longitud fija | 140515s1972 sp 000 0 spa d |
| 040 ## - FUENTE DE LA CATALOGACIÓN | |
| Centro catalogador/agencia de origen | DO-SdBNP |
| Lengua de catalogación | spa |
| Centro/agencia transcriptor | BNPHU |
| 082 ## - NÚMERO DE LA CLASIFICACIÓN DECIMAL DEWEY | |
| Número de clasificación | xxxx |
| Número de documento/Ítem | xxxx |
| 100 1# - ENTRADA PRINCIPAL--NOMBRE DE PERSONA | |
| Nombre de persona | Gómez Pin, Víctor, |
| Fechas asociadas al nombre | 1944- |
| 9 (RLIN) | 23634 |
| 245 10 - MENCIÓN DE TÍTULO | |
| Título | De usía a manía : |
| Resto del título | (Vino y éxtasis) / |
| Mención de responsabilidad, etc. | Víctor Gómez Pin. |
| 260 ## - PUBLICACIÓN, DISTRIBUCIÓN, ETC. | |
| Lugar de publicación, distribución, etc. | Barcelona : |
| Nombre del editor, distribuidor, etc. | Anagrama, |
| Fecha de publicación, distribución, etc. | 1972. |
| 300 ## - DESCRIPCIÓN FÍSICA | |
| Extensión | 103 p. ; |
| Dimensiones | 18 cm. |
| 490 1# - MENCIÓN DE SERIE | |
| Mención de serie | Cuadernos anagrama |
| -- | filosofía |
| Designación de volumen o secuencia | 41 |
| 500 ## - NOTA GENERAL | |
| Nota general | En la cubierta: Tres apéndices: La silla de Picasso es una-mala-silla ; Antonio Ordòñez ; La aventura de Aschembach |
| 500 ## - NOTA GENERAL | |
| Nota general | Incluye referencias bibliograficas y notas al pie de las páginas |
| 830 #0 - PUNTO DE ACCESO ADICIONAL DE SERIE-TÍTULO UNIFORME | |
| Título uniforme | Cuadernos anagrama ; |
| Nombre de parte o sección de la obra | filosofía |
| Número de parte o sección de la obra | 41 |
| 9 (RLIN) | 72085 |
| Estado de retiro | Estado de pérdida | Restricciones de uso | No para préstamo | Código de colección | Localización permanente | Ubicación/localización actual | Ubicación en estantería | Fecha de adquisición | Número de inventario | Total de préstamos | Signatura topográfica completa | Código de barras | Fecha visto por última vez | Precio válido a partir de | Tipo de ítem Koha |
|---|---|---|---|---|---|---|---|---|---|---|---|---|---|---|---|
| Excluido de préstamo | Monografías: Libros y Folletos | General | General | En catalogación | 15.05.2014 | LF1 | xxxx xxxx | 44090-10 | 25.06.2020 | 25.06.2020 | No se presta |
